Ethnic minorities in Vietnam : Supplemented and revised edition = Các dân tộc ít người ở Việt Nam

שמור ב:
מידע ביבליוגרפי
מחבר ראשי: Đặng, Nghiêm Vạn
פורמט: ספר
שפה:Undetermined
יצא לאור: Ha Noi Thế Giới 2010
נושאים:
תגים: הוספת תג
אין תגיות, היה/י הראשונ/ה לתייג את הרשומה!
Thư viện lưu trữ: Trung tâm Học liệu Trường Đại học Cần Thơ
LEADER 00783nam a2200217Ia 4500
001 CTU_174952
008 210402s9999 xx 000 0 und d
020 |c 150000 
082 |a 305.8009597 
082 |b V105 
100 |a Đặng, Nghiêm Vạn 
245 0 |a Ethnic minorities in Vietnam : 
245 0 |b Supplemented and revised edition = Các dân tộc ít người ở Việt Nam 
245 0 |c Đặng Nghiêm Vạn, Chu Thái Sơn, Lưu Hùng 
260 |a Ha Noi 
260 |b Thế Giới 
260 |c 2010 
650 |a Minorities,Ethnology,Dân tộc thiểu số,Nhân chủng hcọ 
650 |z Vietnam,Vietnam,Việt Nam,Việt Nam 
904 |i Trọng Hiếu 
980 |a Trung tâm Học liệu Trường Đại học Cần Thơ